[Event "Jonquiere Interclubs Saguenay"]
[Site "Jonquiere"]
[Date "1992.01.19"]
[Round "4"]
[White "Laforte, Jean Philippe"]
[Black "Heinoo, Risto"]
[Result "0-1"]
[WhiteElo "1589"]
[BlackElo "1669"]
[PlyCount "70"]
[EventDate "1992.01.18"]
[EventType "team-swiss"]
[EventRounds "4"]
[EventCountry "CAN"]
[SourceTitle "EXT 2022"]
[Source "ChessBase"]
[SourceDate "2021.10.06"]
[SourceVersion "1"]
[SourceVersionDate "2021.10.06"]
[SourceQuality "1"]

1. d4 Nf6 2. c4 e6 3. Nf3 Bb4+ 4. Bd2 Bxd2+ 5. Nbxd2 c5 6. Qa4 cxd4 7. Nxd4 0-0 8. g3 d5 9. Bg2 Bd7 10. Qb3 Nc6 11. N2f3 Na5 12. Qb4 Nxc4 13. 0-0 b5 14. Nd2 a5 15. Qc3 Rc8 16. a3 e5 17. N4f3 d4 18. Qc2 Ne3 19. Qd3 Nxf1 20. Kxf1 Re8 21. Ng5 Qc7 22. Be4 Nxe4 23. Qxe4 g6 24. Qh4 h5 25. Nde4 Qc6 26. f3 f5 27. Nf2 Qc2 28. g4 Qxb2 29. Re1 Rc1 30. gxh5 Rxe1+ 31. Kxe1 Qc1+ 32. Nd1 Qf4 33. Qxf4 exf4 34. Nb2 a4 35. hxg6 b4 0-1